Datum a čas kvízu
17
Celkem bodů
Celkový počet nahraných bodů na tomto kvízu bez doplňovacích otázek.
3.
Pořadí na kvízu
Konečné umístění týmu na tomto kvízu.
Zaznamenané odpovědi
| # | Otázka | Odpověď | Body | Výsledky |
|---|---|---|---|---|
| 1. | Státní maturity začaly minulou... | 0 | ||
| 2. | Jednotvárný zvuk od silnice ob... | 0 | ||
| 3. | Patrně nejsympatičtější "oškli... | 0 | ||
| 4. | Ministerstvo dopravy vybralo v... | 0 | ||
| 5. | Minulý týden se začala prodáva... | 1 | ||
| 6. | Vzpomeňme v tomto tématu na zř... | 0 | ||
| 7. | Vyberte pravdivé tvrzení o For... | 0 | ||
| 8. | Ze kterého Formanova filmu je... | 1 | ||
| 9. | Jakou větu pronesl v Přeletu n... | 0 | ||
| 10. | Pěknou vzpomínku na Formana na... | 0 |